LEADER 00837nam a2200205 i 4500 001 000000059704 003 CaOOAMICUS 005 20140321000000.0 008 140321s1968 xx u000 u fre u 013 $a30876 040 $aSeMil$bita 100 1 $aCuénot, Claude.$0(OLS)http://semarc/name/20976 245 10$aNouveau lexique Teilhard de Chardin /$cClaude Cuénot. 260 $aParis :$bÉditions du Seuil,$c1968. 300 $a222 p., [2] p. di tav. :$bfacs. ;$c21 cm. 600 14$aTeilhard de Chardin, Pierre .$0(OLS)http://semarc/subject/2657 850 $aSeMil 852 $aSeMil$W1$xVenegono$y1$m2K VII 28$j25857$B25857$CSeMilBibl$Z2$F25860 $81 996 $6245$aNouveau lexique Teilhard de Chardin$9(OLS)http://semarc/title/93329 996 $6260$aParis :$bÉditions du Seuil$9(OLS)http://semarc/publisher/29806 LEADER 00912nam a2200241 i 4500 001 000000099177 003 CaOOAMICUS 005 20250826170841.0 008 180406s1977 it u000 u ita u 013 $a71329 040 $aSeMil$bita 100 1 $aUlivi, Ferruccio,$d<1912-2002>.$0(OLS)http://semarc/name/17349 245 10$aE le ceneri al vento :$bracconti /$cFerruccio Ulivi. 260 $aMilano :$bMondadori,$c1977. 300 $a170 p. ;$c21 cm. 490 0 $aScrittori italiani e stranieri 830 0$aScrittori italiani e stranieri.$0(OLS)http://semarc/title/2727 850 $aSeMil 852 $aSeMil$W1$xVenegono$y1$m1A V 115$j56772$B56772$CSeMilBibl$Z2$F66688 $81 961 $aRecupero: Seminario di Seveso 996 $6245$aE le ceneri al vento :$bracconti$9(OLS)http://semarc/title/406440 996 $6260$aMilano :$bMondadori$9(OLS)http://semarc/publisher/30335